<?xml version="1.0" encoding="UTF-8"?>
<collection xmlns="http://www.loc.gov/MARC21/slim">
 <record>
  <leader>02532aam a22003498a 4500</leader>
  <controlfield tag="001">NCT_16866</controlfield>
  <controlfield tag="008">130510s2013                  ||||||viesd</controlfield>
  <datafield tag="999" ind1=" " ind2=" ">
   <subfield code="c">795</subfield>
   <subfield code="d">795</subfield>
  </datafield>
  <datafield tag="020" ind1=" " ind2=" ">
   <subfield code="c">145000</subfield>
  </datafield>
  <datafield tag="082" ind1="0" ind2="4">
   <subfield code="2">23rd ed.</subfield>
   <subfield code="a">664.07</subfield>
   <subfield code="b">Ph121</subfield>
  </datafield>
  <datafield tag="100" ind1="1" ind2=" ">
   <subfield code="a">Hà Duyên Tư</subfield>
   <subfield code="e">Chủ biên</subfield>
  </datafield>
  <datafield tag="245" ind1="1" ind2="0">
   <subfield code="a">Phân tích hoá học thực phẩm</subfield>
   <subfield code="c">Hà Duyên Tư (chủ biên)</subfield>
  </datafield>
  <datafield tag="260" ind1=" " ind2=" ">
   <subfield code="a">H.</subfield>
   <subfield code="b">Khoa học và Kỹ thuật</subfield>
   <subfield code="c">2013</subfield>
  </datafield>
  <datafield tag="300" ind1=" " ind2=" ">
   <subfield code="a">323tr.</subfield>
   <subfield code="b">hình vẽ, bảng</subfield>
   <subfield code="c">24cm</subfield>
  </datafield>
  <datafield tag="520" ind1="3" ind2=" ">
   <subfield code="a">Giới thiệu tính chất, hàm lượng... một số thành phần hoá học thực phẩm: nước, protein, enzim, gluxit, lipit, chất thơm, vitamin, alcaloit và phenol. Một số chất vô cơ gây độc và tồn dư, nhiễm tạp độc tố</subfield>
  </datafield>
  <datafield tag="653" ind1=" " ind2=" ">
   <subfield code="a">Công nghệ thực phẩm</subfield>
  </datafield>
  <datafield tag="655" ind1=" " ind2="7">
   <subfield code="a">Giáo trình</subfield>
  </datafield>
  <datafield tag="700" ind1="1" ind2=" ">
   <subfield code="a">Lê Bạch Tuyết</subfield>
  </datafield>
  <datafield tag="700" ind1="1" ind2=" ">
   <subfield code="a">Nguyễn Thị Thảo</subfield>
  </datafield>
  <datafield tag="700" ind1="1" ind2=" ">
   <subfield code="a">Lê Ngọc Tú</subfield>
  </datafield>
  <datafield tag="700" ind1="1" ind2=" ">
   <subfield code="a">Nguyễn Thị Hiền</subfield>
  </datafield>
  <datafield tag="942" ind1=" " ind2=" ">
   <subfield code="2">ddc</subfield>
   <subfield code="c">BK</subfield>
  </datafield>
  <datafield tag="952" ind1=" " ind2=" ">
   <subfield code="0">0</subfield>
   <subfield code="1">0</subfield>
   <subfield code="2">ddc</subfield>
   <subfield code="4">0</subfield>
   <subfield code="6">664_070000000000000_PH121</subfield>
   <subfield code="7">0</subfield>
   <subfield code="9">3112</subfield>
   <subfield code="a">000001</subfield>
   <subfield code="b">000001</subfield>
   <subfield code="d">2017-11-09</subfield>
   <subfield code="o">664.07 Ph121</subfield>
   <subfield code="p">MD.08197</subfield>
   <subfield code="r">2017-11-09</subfield>
   <subfield code="v">145000.00</subfield>
   <subfield code="w">2017-11-09</subfield>
   <subfield code="y">BK</subfield>
  </datafield>
  <datafield tag="952" ind1=" " ind2=" ">
   <subfield code="0">0</subfield>
   <subfield code="1">0</subfield>
   <subfield code="2">ddc</subfield>
   <subfield code="4">0</subfield>
   <subfield code="6">664_070000000000000_PH121</subfield>
   <subfield code="7">0</subfield>
   <subfield code="9">3113</subfield>
   <subfield code="a">000001</subfield>
   <subfield code="b">000001</subfield>
   <subfield code="d">2017-11-09</subfield>
   <subfield code="l">1</subfield>
   <subfield code="o">664.07 Ph121</subfield>
   <subfield code="p">MD.08198</subfield>
   <subfield code="r">2018-10-13</subfield>
   <subfield code="s">2018-09-21</subfield>
   <subfield code="v">145000.00</subfield>
   <subfield code="w">2017-11-09</subfield>
   <subfield code="y">BK</subfield>
  </datafield>
  <datafield tag="952" ind1=" " ind2=" ">
   <subfield code="0">0</subfield>
   <subfield code="1">0</subfield>
   <subfield code="2">ddc</subfield>
   <subfield code="4">0</subfield>
   <subfield code="6">664_070000000000000_PH121</subfield>
   <subfield code="7">0</subfield>
   <subfield code="9">3114</subfield>
   <subfield code="a">000001</subfield>
   <subfield code="b">000001</subfield>
   <subfield code="d">2017-11-09</subfield>
   <subfield code="l">1</subfield>
   <subfield code="o">664.07 Ph121</subfield>
   <subfield code="p">MD.08199</subfield>
   <subfield code="r">2019-05-10</subfield>
   <subfield code="s">2019-04-26</subfield>
   <subfield code="v">145000.00</subfield>
   <subfield code="w">2017-11-09</subfield>
   <subfield code="y">BK</subfield>
  </datafield>
  <datafield tag="952" ind1=" " ind2=" ">
   <subfield code="0">0</subfield>
   <subfield code="1">0</subfield>
   <subfield code="2">ddc</subfield>
   <subfield code="4">0</subfield>
   <subfield code="6">664_070000000000000_PH121</subfield>
   <subfield code="7">0</subfield>
   <subfield code="9">3115</subfield>
   <subfield code="a">000001</subfield>
   <subfield code="b">000001</subfield>
   <subfield code="d">2017-11-09</subfield>
   <subfield code="o">664.07 Ph121</subfield>
   <subfield code="p">MD.08200</subfield>
   <subfield code="r">2017-11-09</subfield>
   <subfield code="v">145000.00</subfield>
   <subfield code="w">2017-11-09</subfield>
   <subfield code="y">BK</subfield>
  </datafield>
  <datafield tag="952" ind1=" " ind2=" ">
   <subfield code="0">0</subfield>
   <subfield code="1">0</subfield>
   <subfield code="2">ddc</subfield>
   <subfield code="4">0</subfield>
   <subfield code="6">664_070000000000000_PH121</subfield>
   <subfield code="7">0</subfield>
   <subfield code="9">3116</subfield>
   <subfield code="a">000001</subfield>
   <subfield code="b">000001</subfield>
   <subfield code="d">2017-11-09</subfield>
   <subfield code="o">664.07 Ph121</subfield>
   <subfield code="p">MD.08201</subfield>
   <subfield code="r">2017-11-09</subfield>
   <subfield code="v">145000.00</subfield>
   <subfield code="w">2017-11-09</subfield>
   <subfield code="y">BK</subfield>
  </datafield>
  <datafield tag="952" ind1=" " ind2=" ">
   <subfield code="0">0</subfield>
   <subfield code="1">0</subfield>
   <subfield code="2">ddc</subfield>
   <subfield code="4">0</subfield>
   <subfield code="6">664_070000000000000_PH121</subfield>
   <subfield code="7">0</subfield>
   <subfield code="9">3117</subfield>
   <subfield code="a">000001</subfield>
   <subfield code="b">000001</subfield>
   <subfield code="d">2017-11-09</subfield>
   <subfield code="o">664.07 Ph121</subfield>
   <subfield code="p">MD.08202</subfield>
   <subfield code="r">2017-11-09</subfield>
   <subfield code="v">145000.00</subfield>
   <subfield code="w">2017-11-09</subfield>
   <subfield code="y">BK</subfield>
  </datafield>
  <datafield tag="952" ind1=" " ind2=" ">
   <subfield code="0">0</subfield>
   <subfield code="1">0</subfield>
   <subfield code="2">ddc</subfield>
   <subfield code="4">0</subfield>
   <subfield code="6">664_070000000000000_PH121</subfield>
   <subfield code="7">0</subfield>
   <subfield code="9">3118</subfield>
   <subfield code="a">000001</subfield>
   <subfield code="b">000001</subfield>
   <subfield code="d">2017-11-09</subfield>
   <subfield code="o">664.07 Ph121</subfield>
   <subfield code="p">MD.08203</subfield>
   <subfield code="r">2017-11-09</subfield>
   <subfield code="v">145000.00</subfield>
   <subfield code="w">2017-11-09</subfield>
   <subfield code="y">BK</subfield>
  </datafield>
  <datafield tag="952" ind1=" " ind2=" ">
   <subfield code="0">0</subfield>
   <subfield code="1">0</subfield>
   <subfield code="2">ddc</subfield>
   <subfield code="4">0</subfield>
   <subfield code="6">664_070000000000000_PH121</subfield>
   <subfield code="7">0</subfield>
   <subfield code="9">3119</subfield>
   <subfield code="a">000001</subfield>
   <subfield code="b">000001</subfield>
   <subfield code="d">2017-11-09</subfield>
   <subfield code="o">664.07 Ph121</subfield>
   <subfield code="p">MD.08204</subfield>
   <subfield code="r">2017-11-09</subfield>
   <subfield code="v">145000.00</subfield>
   <subfield code="w">2017-11-09</subfield>
   <subfield code="y">BK</subfield>
  </datafield>
  <datafield tag="952" ind1=" " ind2=" ">
   <subfield code="0">0</subfield>
   <subfield code="1">0</subfield>
   <subfield code="2">ddc</subfield>
   <subfield code="4">0</subfield>
   <subfield code="6">664_070000000000000_PH121</subfield>
   <subfield code="7">0</subfield>
   <subfield code="9">3120</subfield>
   <subfield code="a">000001</subfield>
   <subfield code="b">000001</subfield>
   <subfield code="d">2017-11-09</subfield>
   <subfield code="o">664.07 Ph121</subfield>
   <subfield code="p">MD.08205</subfield>
   <subfield code="r">2017-11-09</subfield>
   <subfield code="v">145000.00</subfield>
   <subfield code="w">2017-11-09</subfield>
   <subfield code="y">BK</subfield>
  </datafield>
  <datafield tag="980" ind1=" " ind2=" ">
   <subfield code="a">Thư viện Trường Đại học Nam Cần Thơ</subfield>
  </datafield>
 </record>
</collection>
